000 00823nam a22001937a 4500
005 20120227125813.0
020 _a8170126657
_c990.00 (per set of 2 vols.)
035 _aB-27218
035 _aB-27217
037 _aDPL
_bENG
100 _aMalik, P. L.
_947864
245 _aIndustrial Law /
_cby P L Malik
250 _a18th ed. Vol.I and Vol.II
260 _aLucknow
_bEastern Book Company
_c2001
300 _avarious pages
_c20 cms.
942 _2ddc
_cEN
_h343.54072
_mMAL
999 _c63500
_d63500